000 00506nam a2200205Ia 4500
005 20260429112123.0
008 260429s9999||||xx |||||||||||||| ||und||
020 _a9781032295756
041 _aEnglish
082 _a910.68
_bDUC
100 _aDu Cros, Hilary
245 0 _aCultural tourism /
_cHilary Du Cros
250 _a3rd ed.
260 _aLondon :
_bRoutledge,
_c2024.
300 _axvii, 321 p.; pbk
650 _a Culture
650 _aTourism
700 _a McKercher, Bob
942 _cTB
999 _c52452
_d52452